000 00579nam a2200193 i 4500
001 27562
003 ES-MaACL
005 20230906153640.0
007 t|
008 030115s1915 sp ||||1| spa d
100 1 _aAraquistáin, Luis,
_d1886-1959
_922345
245 1 0 _aPolémica de la guerra
_b: 1914-1915 /
_cLuis Araquistáin.
260 _aMadrid :
_bRenacimiento,
_c1915.
300 _a317 p. ;
_c20 cm.
650 4 _aCuestión de Oriente (Balcanes)
_9141179
650 0 4 _aGuerra mundial, 1914-1918.
_913212
852 _aES-MaACL
_jD-1742
999 _c27562
_d27562